Statistiques concernant Princesses Disney

Cliquez ici pour prendre le quiz!

Statistiques générales

  • Ce quiz a été pris 65 188 fois
    (46 177 depuis la dernière actualisation)
  • Le résultat moyen est 9 sur 12

Statistiques - réponses

FilmPrincesse% Correct
_ _ _ _ _ _ _   _ _ _ _ _  et les Sept NainsBlanche-Neige
100%
La  _ _ _ _ _  et la BêteBelle
99%
La Petite SirèneAriel
94%
AladdinJasmine
93%
La Belle au bois dormantAurore
88%
_ _ _ _ _ _ _ _ _ _Cendrillon
86%
_ _ _ _ _ _ _ _Raiponce
72%
_ _ _ _ _ _ , la Légende du bout du mondeVaiana
72%
_ _ _ _ _Mulan
66%
La Princesse et la GrenouilleTiana
62%
_ _ _ _ _ _ _ _ _ _Pocahontas
57%
RebelleMérida
54%

Distribution des résultats

Percentile par nombre de réponses

% des personnes avec chaque résultat

Votre développement - résultats

Vous n’avez pas pris ce quiz depuis la dernière actualisation